Statistics for NBA Players from Tulsa

Click here to take the quiz!

General Stats

  • This quiz has been taken 3 times
  • The average score is 4 of 16

Answer Stats

PositionPlayerDraft Year% Correct
FCMichael Ruffin1999
67%
SFPaul Pressey1982
67%
SGBen Uzoh2010
33%
GFBingo Smith1969
33%
SFDaQuan Jeffries2019
33%
CJerome Jordan2010
33%
GJim King1963
33%
GJordan Clarkson2014
33%
GShaquille Harrison2016
33%
GSteve Harris1985
33%
SGTracy Moore1988
33%
SGCarlton McKinney1988
0%
PFCharlie Paulk1968
0%
FCJoe Cooper1981
0%
GShea Seals1997
0%
GSteve Bracey1972
0%

Score Distribution

Percentile by Number Answered

Percent of People with Each Score

Your Score History

You have not taken this quiz